000 00631nam a2200241 a 4500
008
020 _a0750607815 (pbk.)
049 _aMAIN
090 _aTS191.8
100 1 _aHodges, Bernard.
245 1 0 _aIndustrial robotics /
_cBernard Hodges.
250 _a2nd ed.
260 _aOxford :
_bNewnes,
_c1992.
300 _axi, 241 p. :
_bill. ;
_c25 cm.
500 _aIncludes index.
650 0 _aRobots, Industrial.
650 0 _aRobotics.
907 _a.b10173870
_b02-09-05
_c01-09-05
003
005 20230123134101.0
040 _cNUST
942 _cBOOKS
_kTS191.8
999 _c159762
_d159762